00523nam a2200193 a 4500001001300000003000900013005001700022008004100039020001000080082001500090100002700105245004800132260004400180300000900224500003500233505001000268650002400278700002700302nice12345678IN_TiNIC20260116011343.0050524s1900 newa grp 000 0 eng  ac10000a242.2bJOH aJohnston, Howard Agnew aStudies in God`s Method of Training Workers aNew YorkbInternational Committeec1900 a171p aincludes index and biblioraphy2 aIndex aPrayer-Christianity1 aJohnston, Howard Agnew